| 000 | 00440nam a2200157Ia 4500 | ||
|---|---|---|---|
| 008 | 151021s9999 xx 000 0 und d | ||
| 020 | _a9966701907 | ||
| 050 | _aJQ 2947 .A56C648 2004 | ||
| 245 | _a_The faces of corruption Pius k Kidombo | ||
| 260 | _aNairobi sino printers 2004 | ||
| 300 | _av,56p.;ill | ||
| 500 | _aIncludes index | ||
| 650 | _a_Corruption | ||
| 700 | _a_Harriet J Kidombo | ||
| 980 | _a^d20110315 04:34:52^oanne | ||
| 999 |
_c6838 _d6838 |
||